RELIGION AND CULTURE OF NE INDIA (Record no. 5567)
[ view plain ]
| 000 -LEADER | |
|---|---|
| fixed length control field | 00331cam a2200145ua 4500 |
| 008 - FIXED-LENGTH DATA ELEMENTS--GENERAL INFORMATION | |
| fixed length control field | 140104n II |||gr||||Z||||||eng |
| 040 ## - CATALOGING SOURCE | |
| Original cataloging agency | MAIN |
| 041 ## - LANGUAGE CODE | |
| -- | English |
| 082 ## - DEWEY DECIMAL CLASSIFICATION NUMBER | |
| Classification number | 491.4509 SIN |
| 100 ## - MAIN ENTRY--PERSONAL NAME | |
| Personal name | SINGHA , RAGHUBIR. |
| 245 ## - TITLE STATEMENT | |
| Title | RELIGION AND CULTURE OF NE INDIA |
| 942 ## - ADDED ENTRY ELEMENTS (KOHA) | |
| Koha item type | Books |
| 653 ## - INDEX TERM--UNCONTROLLED | |
| Uncontrolled term | Asamar Sanskriti |
| Withdrawn status | Lost status | Damaged status | Not for loan | Collection code | Home library | Current library | Shelving location | Date acquired | Full call number | Barcode | Date last seen | Copy number | Price effective from | Koha item type |
|---|---|---|---|---|---|---|---|---|---|---|---|---|---|---|
| Damaged | REFASM | Central Library and Information Centre Sibsagar Girls College | Central Library and Information Centre Sibsagar Girls College | Assamese Culture | 02.05.1979 | 491.4509 SIN | 05179 | 27.02.2020 | 1 | 27.02.2020 | Books |